00548cam a22001934a 45000010009000000050017000090080041000260100017000670200035000840400018001190410008001370420008001450800017001530820021001701000007001911010008001982450084002065040064002901397463420180111043409.0050519s2005 nyua b 001 0 eng  a 2005014527 a0824210492 (pbk. : alk. paper) aDLCcDLCdDLC aeng apcc aR 323.34 CUR00aR 323.34 CUR222 a26 aSOC00aWomen's rights /cedited by Jennifer Curry ; editorial advisor Lynn M. Messina. aIncludes bibliographical references (p. 167-178) and index.